|
|
|
|
| LEADER |
01742nam a2200397 a 4500 |
| 001 |
41298 |
| 003 |
BD-DhAAL |
| 005 |
20230730111716.0 |
| 008 |
050311s2004 bg b b 001 0 eng |
| 010 |
|
|
|a 2005318378
|
| 020 |
|
|
|a 984321577X
|
| 025 |
|
|
|a B-E-2005-318378; 23
|
| 035 |
|
|
|a (DLC) 2005318378
|
| 037 |
|
|
|b Library of Congress -- New Delhi Overseas Office
|c Tk300.00
|
| 040 |
|
|
|a DLC
|c DLC
|d DLC
|d BD-DhAAL
|
| 042 |
|
|
|a lcode
|
| 043 |
|
|
|a a-bg---
|
| 050 |
0 |
0 |
|a KNG671
|b .B37 2004
|
| 082 |
|
|
|a 346.54920432
|
| 100 |
1 |
|
|a Barkat, Abul.
|
| 245 |
1 |
0 |
|a Political economy of land litigation in Bangladesh :
|b a case of colossal national wastage /
|c Abul Barkat, Prasanta K. Roy ; foreword by Muhammad Habibur Rahman.
|
| 260 |
|
|
|a Dhaka :
|b Association for Land Reform and Development ;
|b [Distributor], Rubi Enterprise,
|c 2004.
|
| 300 |
|
|
|a xxx, 452 pages :
|b 1 map ;
|c 24 cm.
|
| 500 |
|
|
|a Distributor's statement stamped on t.p.
|
| 500 |
|
|
|a Includes statistical tables.
|
| 504 |
|
|
|a Includes bibliographical references (pages [438]-445) and index.
|
| 541 |
|
|
|a Donated By Akbar Ali Khan
|e 41298
|
| 650 |
|
0 |
|a Real property
|z Bangladesh.
|9 55225
|
| 650 |
|
0 |
|a Land tenure
|x Law and legislation
|z Bangladesh.
|9 12034
|
| 650 |
|
0 |
|a Actions and defenses
|x Economic aspects
|z Bangladesh.
|9 55226
|
| 650 |
|
0 |
|a Justice, Administration of
|x Economic aspects
|z Bangladesh.
|9 55227
|
| 700 |
1 |
|
|a Roy, Prosanta K.
|q (Prosanta Kumar)
|9 55228
|
| 852 |
|
|
|a Ayesha Abed Library
|c Akbar Ali Khan Collection
|
| 942 |
|
|
|2 ddc
|c BK
|
| 999 |
|
|
|c 46039
|d 46039
|
| 952 |
|
|
|0 0
|1 0
|2 ddc
|4 0
|6 346_549204320000000_BAR
|7 1
|9 74138
|a BRACUL
|b BRACUL
|c AAKC
|d 2023-07-30
|e Donated By Akbar Ali Khan
|g 300.00
|l 0
|o 346.54920432 BAR
|p 3010041298
|r 2023-07-30
|t 1
|w 2023-07-30
|y BK
|